The design and implementation of the 4.3BSD UNIX operating system /

Enregistré dans:
Détails bibliographiques
Auteur principal: Leffler, S.J (Auteur)
Format: Livre
Langue:anglais
Publié: Reading : Addison-Wesley, 1989
Tags: Ajouter un tag
Pas de tags, Soyez le premier à ajouter un tag!

MARC

LEADER 00000nam a22000003a 4500
001 stu1896
005 20150617225618.5
008 920605s1989----xxu-----------------eng-d
040 |a STU  |b slo 
041 0 |a eng 
044 |a xxu 
080 |a 681.32.066 
080 |a UNIX 
080 |a 519.68 
100 1 |a Leffler, S.J.  |4 aut 
245 1 |a The design and implementation of the 4.3BSD UNIX operating system /  |c Aut.: Leffler,S.J. and o 
260 |a Reading :  |b Addison-Wesley,  |c 1989 
300 |a 471 s 
996 |b I4230  |c I*4230  |l II680  |s A  |a 24  |w stu1896_0001